Kniha laureátov Sacharovovej ceny 2015

Gespeichert in:
Bibliographische Detailangaben
Format: Buch
Sprache:Slowakisch
Veröffentlicht: Luxemburg Úrad pre vydávanie publikácií Európskej únie 2015
Schlagworte:
Tags: Tag hinzufügen
Keine Tags, Fügen Sie das erste Tag hinzu!

MARC

LEADER 00000nam a2200000 4500
001 0216418
005 20240318125625.5
020 |a 978-92-823-7248-7 
041 0 |a slo 
044 |a LU 
245 1 0 |a Kniha laureátov Sacharovovej ceny 2015 
264 1 |a Luxemburg  |b Úrad pre vydávanie publikácií Európskej únie  |c 2015 
300 |a [50 s.] 
610 2 0 |a práva ľudské 
610 2 0 |a sloboda 
610 2 0 |a Európska únia